000 00621nam a2200241Ia 4500
003 OSt
005 20140321094825.0
008 140130s9999 xx 000 0 und d
020 _a0439227062
050 _aPZ 7
_b.Ad2615Yr 2000
100 _aAdler, David.
245 _cDavid Adler.
_aYoung Cam Jansen and the missing cookie /
260 _bScholastic Inc.,
_cc2000.
_aUSA :
300 _a32 p. :
_bcol. ill. ;
_c24 cm.
440 _v1
521 _aG2
526 _c360
650 _aMystery and detective stories.
650 _aCookies
_xFiction.
942 _cBK
_2lcc
999 _c42101
_d42101